Cviky, které léčí Jednoduchý program pro zdraví /

Salvato in:
Dettagli Bibliografici
Autori principali: Drouin,Jean (Autore), Poirier, Roberto (Autore), Pedneault, Denis (Autore)
Natura: Libro
Lingua:ceco
Pubblicazione: Praha Euromedia 2016
Tags: Aggiungi Tag
Nessun Tag, puoi essere il primo ad aggiungerne!!

MARC

LEADER 00000nam a22000003a 4500
001 0081971
003 SK-STU
005 20200623104938.3
007 ta
008 200623s ----xo-----e------000-0-----d
020 |a 978-80-7549-126-8 
040 |a STU  |b slo 
041 0 |a cze 
044 |a xr 
100 1 |a Drouin,Jean  |4 aut 
245 1 0 |a Cviky, které léčí  |b Jednoduchý program pro zdraví /  |c aut. Jean Drouin, Roberto Poirier, Denis Pedneault 
260 |a Praha  |b Euromedia  |c 2016 
300 |a 256 s. 
700 1 |a Poirier, Roberto  |4 aut 
700 1 |a Pedneault, Denis  |4 aut 
996 |b 284J045863  |c J* 118663  |l JJSK  |s A  |a 24  |w 0081971_0001